00575nam a22001937a 450000500170000001000150001702000260003203500140005803700130007208200150008510000170010024500530011725000100017026000590018027000730023930000200031249000060033250000430033820230912125151.0 aENG-137943 c795.00a9789357054218 aEN-121475 bDBAD/PUB a5742Sixth aVijay, Rajiv aObjective Biology For NEET 2024/bBy Rajiv Vijay aSixth aNoidabPearson India Education Services Pvt Ltdc2023 aIst Floor, Berger Tower, Plot No C-001A/2 Sector 16B bNoidae201301 avpp.c28cm(pbk) v1 aNational Eligibility Cum Entrance Test